00554nam a2200181 a 450000100100000000500170001000800410002702000150006804000250008308200160010810000280012424500560015226000290020830000280023749000170026550000730028283000170035500004249320201002040205.0131204s1973 sp a 001 0 spa d a8430620591 aDO-SdBNPbspacBNPHU axxxxbM149J1 aAguirre, José María10aAntonio Machado, poeta Simbolista /cJ. M. Aguirre. aMadrid :bTaurus,c1973. a388 p. :bil. ;c22 cm.1 aPersilesv59 aIncluye referencias bibliográficas y notas al pie de las páginas 0aPersilesn59